| 000 | 00808cam a2200229 4500 | ||
|---|---|---|---|
| 001 | ABS61745 | ||
| 008 | 000000n2000 000 0 eng u | ||
| 035 | _a(Sirsi) u103818 | ||
| 100 | _aPalmer, J. | ||
| 245 | _aGloom after boom | ||
| 260 | _c2000 | ||
| 490 |
_aBuilding Services Journal _vJanuary 2000, 10-11(2) |
||
| 520 | _aSpecial feature on construction workloads. Reviews figures for 1999 amd looks at industry forecasts for the next couple of years. The future looks bleak for the commercial sector but there could be more work available in the health and education sector. | ||
| 590 | _aABS | ||
| 650 | _aCONSTRUCTION WORKLOAD | ||
| 650 | _aFORECASTS | ||
| 650 | _aTRENDS | ||
| 650 | _aCONSTRUCTION OUTPUT | ||
| 650 | _aCONSTRUCTION COSTS | ||
| 690 | _aBUILT ENVIRONMENT | ||
| 942 | _n0 | ||
| 999 |
_c62342 _d62342 |
||